Regreso y derrumbe.
Guardado en:
| Formato: | |
|---|---|
| Materias: | |
| Etiquetas: |
Agregar Etiqueta
Sin Etiquetas, Sea el primero en etiquetar este registro!
|
| LEADER | 00878ngm a22002295g 4500 | ||
|---|---|---|---|
| 001 | CEM.cems022864 | ||
| 008 | 130507b2008##################0###0#####d | ||
| 005 | 20241125150236.0 | ||
| 245 | 0 | 0 | |a Regreso y derrumbe. |
| 300 | |a 30'. | ||
| 500 | |a En soporte VHS, consultar en ventanilla. | ||
| 505 | 0 | |a Regreso de Perón. El GAN. Las organizaciones armadas. La hora del pueblo. Pugna entre izquierda y derecha peronista. Cámpora. Ezeiza. Enfrentamiento de Perón y la juventud. Ocaso de la guerrilla. Golpe de Estado del '76. | |
| 538 | |a Soporte: VHS - Norma: Pal N - Color: Si - Grabación DRD 2008 - Hitachi=5210 | ||
| 082 | 9 | 8 | |/ TES |
| 653 | |a HISTORIA ARGENTINA | ||
| 653 | |a PERONISMO | ||
| 653 | |a PERON | ||
| 653 | |a POLITICA ARGENTINA | ||
| 653 | |a GAN | ||
| 653 | |a CAMPORA | ||
| 653 | |a EZEIZA | ||
| 859 | |a CEMS |b BIB. CEMS - Depto. Recursos Didacticos |h 982 |i TES |k DRD |p 1507.12 |t Ej.1 | ||
